000 00549nam a22002055a 4500
001 3499877
003 BD-DhUL
005 20171220102406.0
008 941114s1962 cauc 000 0 eng
040 _aDLC
_cDLC
_dBD-DhUL
082 _a891.733
_bNAP
100 1 _aNabokov, Vladimir.
245 1 0 _aPale fire :
_ba novel /
_cby Vladimir Nabokov.
260 _aSan Francisco :
_bArion Press,
_cc1962.
300 _a284 p. :
_b1 port. ;
_c29 cm.
650 4 _aLiterature
710 2 _aArion Press.
710 2 _aPress Collection
942 _2ddc
_cBK
999 _c154757
_d154757